Vytváření synergie při řízení portfolia značek
Architektúra značky ako nástroj, podľa ktorého portfólio značiek ako celok má dosiahnuť jednotnosť, synergiu a finančné ciele. Päť dimenzií architektúry značky: 1. Portfólio značky 2. Úloha v portfóliu 3. Úloha v kontexte produktov a trhov 4. Štruktúra portfólia značky 5. Grafika portfólia
Saved in:
| Main Author: | |
|---|---|
| Format: | Book Chapter |
| Language: | Czech |
| Subjects: | |
| Tags: |
No Tags, Be the first to tag this record!
|
MARC
| LEADER | 00000naa$a2200000$$$4500 | ||
|---|---|---|---|
| 001 | 0043012 | ||
| 005 | 20231016105247.1 | ||
| 041 | 0 | |a cze | |
| 044 | |a CZ | ||
| 245 | 1 | 0 | |a Vytváření synergie při řízení portfolia značek |c Khaled El Tohami |
| 520 | |a Architektúra značky ako nástroj, podľa ktorého portfólio značiek ako celok má dosiahnuť jednotnosť, synergiu a finančné ciele. Päť dimenzií architektúry značky: 1. Portfólio značky 2. Úloha v portfóliu 3. Úloha v kontexte produktov a trhov 4. Štruktúra portfólia značky 5. Grafika portfólia | ||
| 610 | 2 | 0 | |a značky výrobkov |
| 610 | 2 | 0 | |a portfólio |
| 610 | 2 | 0 | |a synergia |
| 610 | 2 | 0 | |a trh |
| 610 | 2 | 0 | |a ponuka |
| 610 | 2 | 0 | |a predaj |
| 610 | 2 | 0 | |a logo |
| 610 | 2 | 0 | |a dizajn |
| 100 | 1 | |a Tohami, Khaled El | |